000 00825nam a2200193Ia 4500
003 OSt
005 20250714140244.0
008 210210b2003 xxu||||| |||| 00| 0 eng d
040 _cAL
041 _aKannada
082 _aK894.8 SAMA
100 _aSAMAGRA DASA SAHITYA.
_9151044
_dಸಮಗ್ರ ದಾಸ ಸಾಹಿತ್ಯ
245 _aSamagra dasa sahitya: samputa; 1, Shri Shripadarajara mattu Shri Vyasarayara kirtanegalu.
_bಸಮಗ್ರ ದಾಸ ಸಾಹಿತ್ಯ : ಸಂಪುಟ ೧ : ಶ್ರೀ ಶ್ರೀಪಾದರಾಜರ ಮತ್ತು ಶ್ರೀ ವ್ಯಾಸರಾಯರ ಕೀರ್ತನೆಗಳು
260 _aBengaluru
_bKannada mattu Samskrati Nirdeshanalalya
_c2003
300 _a58,352
690 _aKannada Miscellaneous
_9151045
906 _a059364
942 _2ddc
_cBK
999 _c106686
_d106686